[Event "45th Capablanca Mem Open"]
[Site "Havana CUB"]
[Date "2010.06.11"]
[Round "2"]
[White "Pedersen,F"]
[Black "Fleites Marti,Y"]
[Result "0-1"]
[WhiteElo "2315"]
[BlackElo "2168"]
[EventDate "2010.06.10"]

1. Nf3 c5 2. g3 Nc6 3. Bg2 g6 4. O-O Bg7 5. e4 d6 6. d3 e5 7. Bg5 Nge7 8.
Qd2 O-O 9. Bh6 f6 10. Bxg7 Kxg7 11. Nc3 Be6 12. Nh4 Qd7 13. f4 Bh3 14. Bxh3
Qxh3 15. f5 Rad8 16. Qf2 b6 17. Rae1 Qg4 18. Nd1 g5 19. Ne3 Qh5 20. Nf3 Nd4
21. Nd2 Qf7 22. c4 a6 23. h4 h6 24. Kg2 b5 25. Rh1 Rh8 26. Rh3 Rdf8 27.
Reh1 Qe8 28. Qg1 Qa8 29. Kf1 bxc4 30. dxc4 Qb7 31. hxg5 fxg5 32. b3 Qb4 33.
Qf2 Qc3 34. Kg2 Qa5 35. Ndf1 Qd8 36. Nd5 Nxd5 37. cxd5 Rh7 38. Ne3 g4 39.
Nxg4 Qg5 40. Rxh6 Rxh6 41. Rxh6 Qxg4 42. Rxd6 Qxe4+ 0-1

[Event "45th Capablanca Mem Open"]
[Site "Havana CUB"]
[Date "2010.06.11"]
[Round "2"]
[White "Mendez Fortes,E"]
[Black "Romero Nunez,Wendy"]
[Result "1-0"]
[WhiteElo "2310"]
[BlackElo "2125"]
[EventDate "2010.06.10"]

1. e4 c6 2. d4 d5 3. Nd2 g6 4. h3 Bg7 5. Ngf3 Nh6 6. Bd3 O-O 7. O-O dxe4 8.
Nxe4 Nf5 9. c3 Qc7 10. Re1 Nd7 11. Bg5 h6 12. Bd2 Nf6 13. Nxf6+ exf6 14.
Qc1 Kh7 15. Bf4 Qd8 16. Qc2 Be6 17. Rad1 Rc8 18. c4 Re8 19. Qa4 Qd7 20.
Qxa7 Ra8 21. Qb6 Rxa2 22. d5 cxd5 23. cxd5 Qxd5 24. Bb5 Qb3 25. Nd2 Qb4 26.
Re4 Qxb2 27. Rb1 Ra1 28. Ree1 Rxb1 29. Rxb1 Qd4 30. Qxd4 Nxd4 31. Bxe8 Ne2+
32. Kh2 Nxf4 33. Rb4 g5 34. f3 Bd5 35. g3 Ng6 36. Rb5 Bc6 37. Bxc6 bxc6 38.
Rb6 Ne7 39. Ne4 f5 40. Nd6 Kg6 41. Nc8 Nxc8 42. Rxc6+ Bf6 43. Rxc8 Be5 44.
Kg2 h5 45. Rc6+ Kg7 46. g4 fxg4 47. fxg4 hxg4 48. hxg4 Kf8 49. Kf3 Ke7 50.
Ke4 f6 51. Kf5 Bd4 52. Rc7+ Kd8 53. Rc4 Be5 54. Ke6 Bb2 55. Rc5 Be5 56. Rc2
Ba1 57. Rd2+ Kc7 58. Rf2 Kd8 59. Rxf6 Bd4 60. Rf8+ Kc7 61. Ra8 Be3 62. Kf6
1-0

[Event "45th Capablanca Mem Open"]
[Site "Havana CUB"]
[Date "2010.06.11"]
[Round "2"]
[White "Frometa Castillo,Z"]
[Black "Quesada Vera,L"]
[Result "0-1"]
[WhiteElo "2109"]
[BlackElo "2308"]
[EventDate "2010.06.10"]

1. d4 Nf6 2. Nf3 d6 3. c4 Nbd7 4. Nc3 e5 5. e4 Be7 6. Be2 O-O 7. O-O c6 8.
h3 Re8 9. d5 Nf8 10. Be3 Ng6 11. b4 Nh5 12. dxc6 bxc6 13. b5 Nhf4 14. bxc6
Qc7 15. Qa4 Nxe2+ 16. Nxe2 Be6 17. Nd2 Rac8 18. Nc3 f5 19. exf5 Bxf5 20.
Nd5 Qxc6 21. Nxe7+ Nxe7 22. Qa3 Ng6 23. Rac1 Rc7 24. f3 Nf8 25. g4 Bg6 26.
h4 h6 27. h5 Bh7 28. f4 exf4 29. Bxf4 Rd8 30. Qf3 Ne6 31. Qxc6 Rxc6 32. Be3
Ra6 33. Ra1 Ra3 34. Nb3 Bd3 35. Rfc1 Rc8 36. c5 dxc5 37. Nxc5 Nxc5 38. Rxc5
Re8 39. Bf2 Re4 40. g5 Rg4+ 41. Kh2 hxg5 42. Rc8+ Kh7 43. Rc7 Be4 44. Rg1
Rf4 0-1

[Event "45th Capablanca Mem Open"]
[Site "Havana CUB"]
[Date "2010.06.11"]
[Round "2"]
[White "Fernandez Hernandez,A"]
[Black "Castillo Coca,M"]
[Result "0-1"]
[WhiteElo "2303"]
[BlackElo "2106"]
[EventDate "2010.06.10"]

1. d4 Nf6 2. Nf3 d5 3. e3 Bf5 4. c4 e6 5. Nc3 c6 6. Ne5 Bd6 7. g4 Bxe5 8.
gxf5 Bc7 9. Qb3 b6 10. fxe6 fxe6 11. Bh3 Qe7 12. Bd2 a5 13. a3 a4 14. Qa2
O-O 15. O-O-O Na6 16. f3 dxc4 17. Qxc4 Nd5 18. Qxc6 Nxc3 19. Qxe6+ Qxe6 20.
Bxe6+ Kh8 21. Bxc3 Rae8 22. d5 Re7 23. Rhg1 Nc5 24. Rxg7 Rxg7 25. Rg1 Nd3+
26. Kc2 Ne5 27. Rxg7 Kxg7 28. f4 Kf6 29. Bd4 Rb8 30. Kc3 Bd6 31. fxe5+ Bxe5
32. Bd7 Rd8 33. Bc6 Rg8 34. Bxa4 Rg2 35. h3 Rg3 36. Kd3 Rxh3 37. b4 Bxd4
38. Kxd4 Rh2 39. Bd7 Rd2+ 40. Kc4 Ke5 41. Be6 Ra2 42. e4 Rxa3 43. Kb5 Rb3
44. Bg8 h5 45. d6 Rd3 46. Bd5 Kxd6 47. Kxb6 h4 48. Bb7 h3 49. e5+ Kxe5 50.
b5 h2 51. Bg2 Rd2 52. Bf3 Rf2 53. Bc6 Rf6 54. Ka7 Kd6 55. Kb6 Rf1 56. Kb7
h1=Q 57. Bxh1 Rxh1 58. b6 Rb1 59. Ka8 Rxb6 0-1

[Event "45th Capablanca Mem Open"]
[Site "Havana CUB"]
[Date "2010.06.11"]
[Round "2"]
[White "Pazos Gambarrotti,P"]
[Black "Romero Echeverria,A"]
[Result "1-0"]
[WhiteElo "2296"]
[BlackElo "2054"]
[EventDate "2010.06.10"]

1. Nf3 c5 2. g3 b6 3. Bg2 Bb7 4. c4 e6 5. O-O Nf6 6. Nc3 a6 7. d4 cxd4 8.
Qxd4 d6 9. Rd1 Be7 10. b3 Nbd7 11. e4 Qc7 12. Bb2 O-O 13. Rac1 Rac8 14. h3
Rfe8 15. Re1 Qb8 16. Qe3 Qa8 17. Nd4 Bf8 18. Kh2 Ne5 19. Qe2 Qb8 20. f4 Ng6
21. Qf2 h5 22. Nf3 Qc7 23. Ng5 Ba8 24. Na4 Nd7 25. Qe2 Nf6 26. Bd4 h4 27.
Bf2 hxg3+ 28. Bxg3 Bc6 29. e5 Nh7 30. Nxh7 Kxh7 31. Nc3 dxe5 32. fxe5 Bxg2
33. Kxg2 Kg8 34. Ne4 Be7 35. Nd6 Bxd6 36. exd6 Qc6+ 37. Qf3 e5 38. Rcd1
Red8 39. d7 Qxf3+ 40. Kxf3 Rc7 41. Rd6 Rb7 42. Bxe5 Nxe5+ 43. Rxe5 Rdxd7
44. Re8+ Kh7 45. Rxd7 Rxd7 46. Rb8 Rd6 47. Ke4 f6 48. b4 Kg6 49. c5 bxc5
50. bxc5 Rd2 51. c6 Rc2 52. Kd5 f5 53. Kd6 Rd2+ 54. Kc5 Rc2+ 55. Kb6 Rb2+
56. Ka7 Rc2 57. Rb6 Kg5 58. Kb7 f4 59. Rb3 Rxa2 60. c7 Rc2 61. c8=Q Rxc8
62. Kxc8 Kf5 63. Ra3 Ke4 64. Rxa6 f3 65. Kd7 f2 66. Ra1 Kf3 67. Ke6 Kg2 68.
h4 Kg3 69. h5 1-0

[Event "45th Capablanca Mem Open"]
[Site "Havana CUB"]
[Date "2010.06.11"]
[Round "2"]
[White "Gutierrez,L"]
[Black "Llorente,J"]
[Result "1/2-1/2"]
[WhiteElo "2000"]
[BlackElo "2295"]
[EventDate "2010.06.10"]

1. e4 e6 2. d4 d5 3. Nc3 Bb4 4. e5 c5 5. Bd2 Ne7 6. f4 cxd4 7. Nb5 Bxd2+ 8.
Qxd2 O-O 9. Nf3 Nbc6 10. Nbxd4 Qb6 11. O-O-O Bd7 12. g4 Nxd4 13. Nxd4 Nc6
14. Kb1 Rac8 15. h4 Nxd4 16. Qxd4 Qxd4 17. Rxd4 f6 18. exf6 gxf6 19. Bg2
Bc6 20. Re1 Rfe8 21. a4 Rcd8 22. c4 Kf7 23. cxd5 exd5 24. Red1 Ke6 25. f5+
Ke5 26. h5 h6 27. Kc2 Rc8 28. Kd3 Kd6 29. Kd2 Re5 30. Bf3 Rce8 31. Kc3 Re3+
32. R1d3 R8e5 33. Kd2 Rxd3+ 34. Kxd3 a5 35. b4 axb4 36. Rxb4 Kc5 37. Rb1
Re8 38. Rc1+ Kd6 39. a5 Ra8 40. Re1 Bd7 41. Rb1 Rxa5 42. Rxb7 Ra3+ 43. Ke2
d4 44. Rb6+ Ke5 45. Bc6 Bc8 46. Bb7 Bxb7 47. Rxb7 Kf4 48. Rg7 Rg3 49. Rg6
Ke5 50. Kd2 Rg1 51. Ke2 Rg3 52. Kd2 1/2-1/2

[Event "45th Capablanca Mem Open"]
[Site "Havana CUB"]
[Date "2010.06.11"]
[Round "2"]
[White "Infante,M"]
[Black "Herrera Sosa,J"]
[Result "1-0"]
[WhiteElo "2277"]
[BlackElo "1971"]
[EventDate "2010.06.10"]

1. Nf3 Nf6 2. c4 g6 3. Nc3 Bg7 4. e4 d6 5. d4 O-O 6. Be2 e5 7. O-O Nc6 8.
d5 Ne7 9. b4 Nh5 10. Re1 f5 11. Ng5 Nf4 12. Bxf4 exf4 13. Rc1 h6 14. Ne6
Bxe6 15. dxe6 Bxc3 16. Rxc3 fxe4 17. Bf1 Nc6 18. Rxe4 Qf6 19. Rh3 Kg7 20.
Qd5 Rab8 21. b5 Ne7 22. Qd2 b6 23. Ra3 Ra8 24. g3 fxg3 25. hxg3 Qf5 26. Bg2
c6 27. bxc6 Nxc6 28. e7 Rfe8 29. Qxd6 Rac8 30. Rae3 Qc5 31. Qd7 Na5 32. Bf1
Qc6 33. Qg4 h5 34. Qe2 Qf6 35. Re6 Qg5 36. Qb2+ Kf7 37. f4 Qf5 38. Bd3 Qxe6
39. Rxe6 Kxe6 40. Qe5+ Kf7 41. Bxg6+ Kxg6 42. Qe6+ Kh7 43. Qf7+ Kh6 44.
Qe6+ Kh7 45. f5 Rg8 46. f6 Rxg3+ 47. Kh2 Rcg8 48. Qxg8+ 1-0

[Event "45th Capablanca Mem Open"]
[Site "Havana CUB"]
[Date "2010.06.11"]
[Round "2"]
[White "Alonso Bouza,Julio"]
[Black "Rincon Gonzalez,Li"]
[Result "1-0"]
[WhiteElo "2268"]
[BlackElo "1847"]
[EventDate "2010.06.10"]

1. e4 c5 2. Nf3 Nc6 3. d4 cxd4 4. Nxd4 g6 5. Nc3 Bg7 6. Be3 Nf6 7. Bc4 Qa5
8. O-O O-O 9. Bb3 d6 10. h3 Qh5 11. f4 Bd7 12. Nf3 a6 13. a4 Na5 14. e5 Ne8
15. Nd5 Nc6 16. Nb6 Rd8 17. Nxd7 Rxd7 18. e6 Rd8 19. exf7+ Kh8 20. fxe8=Q
Rdxe8 21. c3 Qf5 22. Nd4 Qc8 23. Ne6 Rf6 24. Nxg7 Kxg7 25. Qg4 1-0

[Event "45th Capablanca Mem Open"]
[Site "Havana CUB"]
[Date "2010.06.12"]
[Round "3"]
[White "Delgado Ramos,H"]
[Black "Janssen,Ru"]
[Result "1/2-1/2"]
[WhiteElo "2414"]
[BlackElo "2524"]
[EventDate "2010.06.10"]

1. d4 Nf6 2. c4 e6 3. Nc3 Bb4 4. e3 b6 5. Nge2 Ne4 6. Qc2 Bb7 7. a3 Bxc3+
8. Nxc3 Nxc3 9. Qxc3 O-O 10. b4 a5 11. b5 d6 12. Bb2 Qf6 13. c5 dxc5 14.
dxc5 Qxc3+ 15. Bxc3 bxc5 16. O-O-O f6 17. f3 Kf7 18. Rd2 Ke7 19. Be2 Nd7
20. Rhd1 Nb6 21. e4 e5 22. Rc2 Rfd8 23. Rxd8 Kxd8 24. Be1 Nd7 25. Rc4 a4
26. Bf2 c6 27. Rc2 Kc7 28. bxc6 Kxc6 29. Bc4 Kd6 30. Rd2+ Kc7 31. Be6 Rd8
32. Bxd7 Rxd7 33. Rxd7+ Kxd7 34. Bxc5 Ba6 35. Kd2 Kc6 1/2-1/2

[Event "45th Capablanca Mem Open"]
[Site "Havana CUB"]
[Date "2010.06.12"]
[Round "3"]
[White "Aguero Jimenez,L"]
[Black "Gomez Garrido,C"]
[Result "0-1"]
[WhiteElo "2409"]
[BlackElo "2498"]
[EventDate "2010.06.10"]

1. Nf3 c5 2. g3 Nc6 3. d4 cxd4 4. Nxd4 Nf6 5. Bg2 Qb6 6. Nb3 d6 7. O-O h5
8. Bg5 h4 9. Nc3 hxg3 10. hxg3 Be6 11. a4 Qc7 12. Nd4 Bd7 13. a5 Nxa5 14.
Bxf6 gxf6 15. Nd5 Qd8 16. Qd2 Nc6 17. Qe3 Bg7 18. Nxc6 bxc6 19. Nb4 O-O 20.
Bxc6 Rb8 21. Nd5 Be6 22. Rxa7 Bxd5 23. Bxd5 e6 24. Bxe6 Qe8 25. Bb3 Qxe3
26. fxe3 Rfe8 27. Rf4 Rxe3 28. Kf2 Re5 29. e4 f5 30. Rxf5 Rxf5+ 31. exf5
Bd4+ 0-1

[Event "45th Capablanca Mem Open"]
[Site "Havana CUB"]
[Date "2010.06.12"]
[Round "3"]
[White "Escobar Forero,A"]
[Black "Ruiz Sanchez,O"]
[Result "1/2-1/2"]
[WhiteElo "2474"]
[BlackElo "2381"]
[EventDate "2010.06.10"]

1. c4 e6 2. Nf3 d5 3. d4 c6 4. e3 Nf6 5. Qc2 Nbd7 6. Nbd2 Bd6 7. Bd3 O-O 8.
O-O e5 9. cxd5 cxd5 10. dxe5 Nxe5 11. Nxe5 Bxe5 12. Nf3 Bc7 13. Bd2 Bg4 14.
Bc3 Rc8 15. Qa4 Bxf3 16. gxf3 Ne4 17. fxe4 Bxh2+ 18. Kxh2 Qh4+ 19. Kg2 Qg4+
20. Kh2 Qh4+ 21. Kg2 Qg4+ 1/2-1/2

[Event "45th Capablanca Mem Open"]
[Site "Havana CUB"]
[Date "2010.06.12"]
[Round "3"]
[White "Guerra Mendez,J"]
[Black "Gomez Fontal,F"]
[Result "1-0"]
[WhiteElo "2471"]
[BlackElo "2376"]
[EventDate "2010.06.10"]

1. e4 e5 2. Nf3 Nc6 3. Bb5 f5 4. Nc3 Nf6 5. exf5 Nd4 6. Nxe5 Bb4 7. O-O O-O
8. Bd3 d5 9. Ne2 Bd6 10. Nxd4 Bxe5 11. Nf3 Bd6 12. c4 c6 13. Qb3 Kh8 14.
Bc2 a5 15. d4 a4 16. Qc3 Ne4 17. Bxe4 dxe4 18. Ne5 Bxf5 19. Bf4 Qe7 20. Qg3
Qe6 21. f3 a3 22. b3 Bb4 23. fxe4 Bxe4 24. Qe3 Bf5 25. Rf3 Rad8 26. Raf1
Kg8 27. Bg5 Rde8 28. c5 h6 29. Bh4 Bh7 30. Rxf8+ Rxf8 31. Rxf8+ Kxf8 32.
Be1 Bxe1 33. Qxe1 Qd5 34. Qf2+ Ke7 35. h3 Bb1 36. Nc4 Bxa2 37. Qxa2 Qxd4+
38. Kh1 Qxc5 39. Nxa3 b5 40. Qe2+ Kd6 41. Nc2 Qc3 42. b4 c5 43. bxc5+ Kxc5
44. Qe7+ Kb6 45. Ne3 Kc6 46. Qe8+ Kd6 47. Qd8+ Kc5 48. Qc8+ Kd4 49. Nf5+
Kd3 50. Qd7+ Ke4 51. Qxb5 Kf4 52. Qf1+ Kg5 53. Nd6 Qc2 54. Nf7+ Kg6 55.
Ne5+ Kg5 56. h4+ 1-0

[Event "45th Capablanca Mem Open"]
[Site "Havana CUB"]
[Date "2010.06.12"]
[Round "3"]
[White "Jimenez Fraga,P"]
[Black "Arias,Le"]
[Result "1-0"]
[WhiteElo "2460"]
[BlackElo "2355"]
[EventDate "2010.06.10"]

1. e4 c5 2. Nf3 e6 3. d3 Nc6 4. g3 b5 5. Bg2 Bb7 6. O-O d6 7. c3 Nf6 8. a4
b4 9. Nbd2 Be7 10. Re1 O-O 11. Qe2 a5 12. Ng5 Nd7 13. Nh3 Bf6 14. Nb1 d5
15. f4 bxc3 16. bxc3 c4 17. e5 cxd3 18. Qb2 Be7 19. Qxb7 Rb8 20. Qa6 Nc5
21. Qxc6 Rb6 22. Qxb6 Qxb6 23. Be3 Qc6 24. Nd2 Nxa4 25. Nf2 Nxc3 26. Nxd3
a4 27. Bd4 Nb5 28. Rec1 Qd7 29. Rxa4 Nxd4 30. Rxd4 Qa7 31. Nf3 g6 32. Kh1
Rb8 33. g4 Kg7 34. Rf1 h6 35. f5 Bg5 36. fxe6 fxe6 37. Nf4 Qb6 38. h4 Bxf4
39. Rxf4 Rf8 40. Rxf8 Kxf8 41. g5 Qe3 42. Kh2 Ke7 43. Kg3 h5 44. Bh3 Qa7
45. Rb1 Qc7 46. Rb4 1-0

[Event "45th Capablanca Mem Open"]
[Site "Havana CUB"]
[Date "2010.06.12"]
[Round "3"]
[White "Morales Romero,P"]
[Black "Linares Napoles,O"]
[Result "0-1"]
[WhiteElo "2420"]
[BlackElo "2322"]
[EventDate "2010.06.10"]

1. e4 d6 2. d4 Nf6 3. Nc3 g6 4. f3 c6 5. Bg5 Nbd7 6. Qd2 b5 7. O-O-O b4 8.
Nb1 Qa5 9. Bc4 Ba6 10. Bb3 Bg7 11. h4 c5 12. dxc5 Nxc5 13. Ne2 Bxe2 14.
Qxe2 Nxb3+ 15. axb3 Rc8 16. f4 Rc5 17. Qd3 O-O 18. h5 Rfc8 19. Rd2 Nxe4 20.
Qxe4 Qa1 21. g3 d5 22. Qg2 Rxc2+ 0-1

[Event "45th Capablanca Mem Open"]
[Site "Havana CUB"]
[Date "2010.06.12"]
[Round "3"]
[White "Guerrero,An"]
[Black "Vera Gonzalez Quevedo,R"]
[Result "1/2-1/2"]
[WhiteElo "2164"]
[BlackElo "2515"]
[EventDate "2010.06.10"]

1. e4 c5 2. Nf3 d6 3. d4 cxd4 4. Nxd4 Nf6 5. Nc3 a6 6. Bg5 e6 7. f4 Be7 8.
Qf3 Qc7 9. O-O-O Nbd7 10. Bd3 h6 11. Bh4 g5 12. e5 gxh4 13. exf6 Nxf6 14.
f5 e5 15. Nde2 Bd7 16. Be4 Rg8 17. Kb1 Rg5 18. Nd5 Nxd5 19. Rxd5 Bc6 20. f6
Bf8 21. Nc3 Rc8 22. Rhd1 Qd7 23. R1d3 Rg4 1/2-1/2

[Event "45th Capablanca Mem Open"]
[Site "Havana CUB"]
[Date "2010.06.12"]
[Round "3"]
[White "Alvarez Pedraza,A"]
[Black "Garcia Pantoja,R"]
[Result "1/2-1/2"]
[WhiteElo "2500"]
[BlackElo "2378"]
[EventDate "2010.06.10"]

1. d4 d6 2. Nf3 Nf6 3. c4 g6 4. Nc3 Bg7 5. e4 O-O 6. Be2 e5 7. O-O exd4 8.
Nxd4 Re8 9. f3 Nc6 10. Nc2 Nh5 11. g4 Nf6 12. Be3 h5 13. g5 Nh7 14. Qd2 Bh3
15. Rf2 Ne5 16. Kh1 f6 17. gxf6 Bxf6 18. f4 Ng4 19. Rf3 Bxc3 20. Qxc3 Nxe3
21. Rxe3 Bg4 22. Rg1 Qh4 23. Nd4 Re7 24. Nf3 Qf6 25. h3 Qxc3 26. bxc3 Bf5
27. e5 dxe5 28. Nh4 Bc2 29. Bxh5 Rg7 30. Nxg6 Nf6 31. Ne7+ Kh7 32. Rxe5 Rd8
33. Rxg7+ Kxg7 34. Bf3 Rd3 35. Nf5+ Kg6 36. Ne3 Rxc3 37. h4 Bd3 38. h5+ Kf7
39. c5 Nd7 40. Rg5 Rxc5 41. Bxb7 c6 42. Kh2 Be2 43. f5 Ne5 44. Kg3 Kf6 45.
Rg8 Bxh5 46. Kf4 1/2-1/2

[Event "45th Capablanca Mem Open"]
[Site "Havana CUB"]
[Date "2010.06.12"]
[Round "3"]
[White "Galego,L"]
[Black "Macias Murillo,B"]
[Result "1/2-1/2"]
[WhiteElo "2488"]
[BlackElo "2347"]
[EventDate "2010.06.10"]

1. e4 c5 2. Nf3 e6 3. Nc3 a6 4. g3 b5 5. Bg2 Bb7 6. d3 d6 7. O-O Nf6 8. a3
Qc7 9. Ng5 h6 10. Nh3 g5 11. f4 g4 12. Nf2 h5 13. d4 cxd4 14. Qxd4 Nbd7 15.
Be3 Be7 16. a4 bxa4 17. Rxa4 Bc6 18. Ra2 h4 19. Rfa1 hxg3 20. hxg3 Qb7 21.
Qd3 Nh5 22. Rxa6 Rxa6 23. Qxa6 Nxg3 24. Qxb7 Bxb7 25. Ra7 Bc8 26. Ra8 O-O
27. Nxg4 f5 28. Nf2 fxe4 29. Nfxe4 Nf5 30. Bf2 Nf6 31. Nxf6+ Bxf6 32. Na4
Bd7 33. Rxf8+ Kxf8 34. Nb6 Ke7 35. Nxd7 Kxd7 36. c3 d5 37. Kf1 Kd6 38. Bh3
Ne7 39. Ke2 e5 40. f5 Nc6 41. b4 d4 42. Bg2 dxc3 43. Bc5+ Kc7 44. Kd3 Nd4
45. Kxc3 Nxf5 46. b5 e4+ 47. Kc4 Nd6+ 48. Kb4 Be5 49. b6+ Kc6 50. Be3 Kd5
51. Bf1 Bd4 52. Bxd4 Kxd4 53. Ka5 Ke3 54. Ba6 1/2-1/2

[Event "45th Capablanca Mem Open"]
[Site "Havana CUB"]
[Date "2010.06.12"]
[Round "3"]
[White "Figueredo Losada,L"]
[Black "Perez Rodriguez,L"]
[Result "1/2-1/2"]
[WhiteElo "2335"]
[BlackElo "2484"]
[EventDate "2010.06.10"]

1. e4 c5 2. Nf3 d6 3. d4 cxd4 4. Nxd4 Nf6 5. Nc3 Nc6 6. Bg5 g6 7. Bxf6 exf6
8. Bc4 Bg7 9. Ndb5 O-O 10. Qd5 f5 11. O-O-O Qh4 1/2-1/2

[Event "45th Capablanca Mem Open"]
[Site "Havana CUB"]
[Date "2010.06.12"]
[Round "3"]
[White "Abreu Delgado,A"]
[Black "Sanchez Alvarez,R"]
[Result "1/2-1/2"]
[WhiteElo "2482"]
[BlackElo "2330"]
[EventDate "2010.06.10"]

1. e4 c5 2. Nf3 a6 3. c4 e6 4. d4 cxd4 5. Nxd4 Nf6 6. Nc3 Bb4 7. Bd2 Qc7 8.
a3 Bc5 9. Be3 O-O 10. Be2 b6 11. b4 Be7 12. Qd2 Bb7 13. f3 d6 14. O-O Nbd7
15. Rfc1 Rac8 16. Na4 Qb8 17. Rab1 Rfd8 18. Qe1 Re8 19. c5 bxc5 20. bxc5
Nxc5 21. Nxc5 dxc5 22. Nb3 Qa7 23. Na5 Ba8 24. Qf1 Qc7 25. Nb3 Qe5 26. Bxa6
Rb8 27. Bb5 Rec8 28. Nd2 Bd6 29. g3 Qh5 30. Qf2 g5 31. Bxc5 Be5 32. Be2
Rxb1 33. Rxb1 g4 34. f4 Bc3 35. Bd4 Bxd2 36. Bxf6 Bxe4 37. Rd1 Qf5 38. Ba1
Qd5 39. Qd4 Qxd4+ 40. Bxd4 Bc3 1/2-1/2

[Event "45th Capablanca Mem Open"]
[Site "Havana CUB"]
[Date "2010.06.12"]
[Round "3"]
[White "Ordaz Valdes,L"]
[Black "De la Paz Perdomo,F"]
[Result "1/2-1/2"]
[WhiteElo "2307"]
[BlackElo "2477"]
[EventDate "2010.06.10"]

1. d4 Nf6 2. c4 g6 3. Nc3 Bg7 4. e4 d6 5. f4 O-O 6. Nf3 Na6 7. Bd3 e5 8.
fxe5 dxe5 9. d5 Nc5 10. Be2 a5 1/2-1/2

[Event "45th Capablanca Mem Open"]
[Site "Havana CUB"]
[Date "2010.06.12"]
[Round "3"]
[White "Ostos,J"]
[Black "Rasmussen,Kar"]
[Result "0-1"]
[WhiteElo "2273"]
[BlackElo "2428"]
[EventDate "2010.06.10"]

1. e4 c6 2. d4 d5 3. e5 Bf5 4. Nf3 e6 5. Be2 Nd7 6. O-O Bg6 7. Nbd2 Nh6 8.
Nb3 Nf5 9. Bg5 Be7 10. Bxe7 Qxe7 11. Ne1 O-O 12. Qd2 c5 13. Bb5 cxd4 14.
Bxd7 Qxd7 15. Nf3 Qc7 16. Rfe1 Qb6 17. g4 Ne7 18. Nfxd4 Be4 19. Qe3 Nc6 20.
f3 Bg6 21. c3 Nxd4 22. Qxd4 Qb5 23. Qf2 f5 24. exf6 Rxf6 25. Nd4 Qd7 26. g5
Rf7 27. Rxe6 Be4 28. Qh4 Rxf3 29. g6 hxg6 0-1

[Event "45th Capablanca Mem Open"]
[Site "Havana CUB"]
[Date "2010.06.12"]
[Round "3"]
[White "Perez Garcia,Rodn"]
[Black "Pina Vega,S"]
[Result "1-0"]
[WhiteElo "2424"]
[BlackElo "2336"]
[EventDate "2010.06.10"]

1. e4 c5 2. Nf3 d6 3. d4 cxd4 4. Nxd4 Nf6 5. Nc3 Nc6 6. Bg5 e6 7. Qd2 a6 8.
O-O-O Be7 9. f4 Nxd4 10. Qxd4 b5 11. Bxf6 gxf6 12. Be2 Bb7 13. f5 e5 14.
Qd2 Qa5 15. Kb1 Rc8 16. Nd5 Qxd2 17. Rxd2 Bxd5 18. Rxd5 Rc6 19. c3 O-O 20.
Bd1 Rb8 21. a3 a5 22. Bb3 b4 23. cxb4 axb4 24. a4 Bf8 25. Rc1 Rxc1+ 26.
Kxc1 Bh6+ 27. Kb1 Rc8 28. Rxd6 Rc1+ 29. Ka2 Rg1 30. Rxf6 Be3 31. Rxf7 Rxg2
32. Rc7+ 1-0

[Event "45th Capablanca Mem Open"]
[Site "Havana CUB"]
[Date "2010.06.12"]
[Round "3"]
[White "Lemes Rosales,Lazaro"]
[Black "Quesada Perez,Y"]
[Result "1/2-1/2"]
[WhiteElo "2214"]
[BlackElo "2582"]
[EventDate "2010.06.10"]

1. e4 c5 2. Nf3 d6 3. d4 cxd4 4. Qxd4 Nc6 5. Bb5 Bd7 6. Bxc6 Bxc6 7. Nc3 e6
8. Bg5 Nf6 9. O-O-O Be7 10. Rhe1 Qa5 11. Qd2 h6 12. Bh4 g5 13. Bg3 e5 14.
Kb1 Rc8 15. Nd5 Qxd2 16. Nxf6+ Bxf6 17. Nxd2 Be7 18. Nc4 Rd8 19. f3 f6 20.
Ne3 Rd7 21. c4 Kf7 22. Nf5 b5 23. cxb5 Bxb5 24. Rd2 d5 25. Nxe7 Kxe7 26.
exd5 Bc4 27. Red1 Rhd8 28. d6+ Rxd6 29. Rxd6 Rxd6 30. Rxd6 Kxd6 31. Bf2 a6
32. Be3 Kd5 33. Kc2 Bf1 34. g3 Bg2 35. f4 Ke4 36. Kd2 exf4 37. gxf4 gxf4
38. Bc5 Kf3 39. Bd6 h5 40. Bc7 Bf1 41. a3 Bc4 42. Bd6 h4 43. Bc7 Ke4 44.
Ke1 Ke3 45. Bb6+ Kf3 46. Bc7 f5 47. Bd6 1/2-1/2

[Event "45th Capablanca Mem Open"]
[Site "Havana CUB"]
[Date "2010.06.12"]
[Round "3"]
[White "Martinez Duany,L"]
[Black "Fuentes Dominguez,F"]
[Result "1/2-1/2"]
[WhiteElo "2515"]
[BlackElo "2253"]
[EventDate "2010.06.10"]

1. e4 c5 2. Nf3 d6 3. d4 cxd4 4. Nxd4 Nf6 5. Nc3 a6 6. Be2 e5 7. Nb3 Be7 8.
O-O O-O 9. Kh1 b5 10. Nd5 Nxd5 11. Qxd5 Ra7 12. Be3 Be6 13. Qd1 Rb7 14. f4
Nc6 15. f5 Bc4 16. Bxc4 bxc4 17. Nd2 Rxb2 18. Nxc4 Rb4 19. Qd5 Qc7 20. c3
Rb5 21. Qd3 Rd8 22. a4 Rb3 23. Rab1 Rdb8 24. Rxb3 Rxb3 25. Bd2 Nb4 26. Qe2
d5 27. f6 Bxf6 28. Ne3 d4 29. Ng4 Rxc3 30. Bxc3 dxc3 31. Ne3 Bg5 32. Nc2
Nxc2 33. Qxc2 Qc4 34. Rf3 Bd2 35. Qd3 Qc7 36. Rf1 h6 37. h4 Bf4 38. Rf2 Bd2
39. Rf1 Bf4 40. Rf2 Bd2 1/2-1/2

[Event "45th Capablanca Mem Open"]
[Site "Havana CUB"]
[Date "2010.06.12"]
[Round "3"]
[White "Hevia Alejano,C"]
[Black "Mendez Fortes,E"]
[Result "1-0"]
[WhiteElo "2507"]
[BlackElo "2310"]
[EventDate "2010.06.10"]

1. e4 e5 2. Nf3 Nc6 3. Bb5 a6 4. Ba4 Nf6 5. O-O b5 6. Bb3 Be7 7. Re1 O-O 8.
h3 Bb7 9. d3 d6 10. c3 Na5 11. Bc2 c5 12. Nbd2 Re8 13. Nf1 h6 14. Ng3 Bf8
15. Nh2 d5 16. Ng4 dxe4 17. dxe4 Nxg4 18. Qxg4 Qf6 19. f4 exf4 20. Bxf4 Nc6
21. Nf5 Ne5 22. Qg3 Ng6 23. e5 Qc6 24. Be4 Qc8 25. Nxh6+ gxh6 26. Bxg6 fxg6
27. Qxg6+ Bg7 28. Bxh6 Re7 29. e6 Qe8 30. Qg4 Qc6 31. Bg5 Ree8 32. e7 Bc8
33. Qf4 Bb7 34. Re2 Qg6 35. Rd1 b4 36. Rd6 Qh5 37. Rf2 bxc3 38. bxc3 a5 39.
Qc4+ Kh7 40. Rf4 Qxg5 41. Rh4+ Qxh4 42. Qxh4+ Kg8 43. Qg5 Be4 44. Qh4 Bh7
45. Qg5 Kh8 46. Rd8 1-0

[Event "45th Capablanca Mem Open"]
[Site "Havana CUB"]
[Date "2010.06.12"]
[Round "3"]
[White "Quesada Vera,L"]
[Black "Bacallao Alonso,Y"]
[Result "1/2-1/2"]
[WhiteElo "2308"]
[BlackElo "2500"]
[EventDate "2010.06.10"]

1. c4 Nf6 2. Nc3 d5 3. cxd5 Nxd5 4. g3 c5 5. Bg2 Nc7 6. Qb3 Nc6 7. Bxc6+
bxc6 8. Nf3 g6 9. Qa4 Ne6 10. Qxc6+ Bd7 11. Qd5 Bg7 12. Ne5 Rb8 13. b3 Rb6
14. Qxd7+ Qxd7 15. Nxd7 Kxd7 16. Bb2 c4 17. Na4 Bxb2 18. Nxb2 cxb3 19. axb3
Ra8 20. e3 Rxb3 21. Nc4 Nc5 22. Ke2 Rb4 23. Ne5+ Ke8 24. Ra5 Nb3 25. Ra6
Nc5 26. Ra5 1/2-1/2

[Event "45th Capablanca Mem Open"]
[Site "Havana CUB"]
[Date "2010.06.12"]
[Round "3"]
[White "Larrua Gonzalez,F"]
[Black "Gongora Reyes,M"]
[Result "1/2-1/2"]
[WhiteElo "2310"]
[BlackElo "2471"]
[EventDate "2010.06.10"]

1. d4 d5 2. Nf3 Nf6 3. c4 c6 4. e3 a6 5. b3 Bf5 6. Bd3 Bg6 7. Qc2 e6 8.
Nbd2 Nbd7 9. O-O Be7 10. Bb2 O-O 11. Rfd1 Qb8 12. Rac1 Rc8 13. Ne5 Nxe5 14.
dxe5 Nd7 15. Bxg6 hxg6 16. e4 b5 17. Nf3 bxc4 18. bxc4 Nb6 19. cxd5 cxd5
20. Qe2 Qb7 21. Bd4 dxe4 22. Nd2 Rxc1 23. Rxc1 Rd8 24. Nb3 Nd5 25. Qxe4 Rc8
26. Rd1 Qb4 27. Qe2 Rc4 28. Bb2 Qa4 29. Rd4 Rxd4 30. Bxd4 Qc6 31. g3 Bb4
32. Bb2 Qa4 33. Bd4 a5 34. Qc2 Qd7 35. Bb2 a4 36. Nd4 a3 37. Ba1 Bf8 38.
Qc6 Qe7 39. Nc2 Qg5 40. Bd4 Qd2 41. Qc8 Kh7 42. Qc4 Be7 43. Bc5 Bxc5 44.
Qxc5 Qe2 45. Qd4 Kg8 46. Nxa3 Qxa2 47. Nc4 Qa4 48. Qd3 Qb5 49. Qd4 Qb4 50.
Qd3 g5 51. Qe4 Nb6 52. Nd6 Qxe4 53. Nxe4 g4 54. Nd6 Nd7 55. Nc4 Kh7 56. h3
gxh3 57. f4 g5 58. fxg5 Kg6 59. Kh2 Kxg5 60. Kxh3 Kf5 61. Nd6+ Kg6 62. Nc4
Kg5 63. Kg2 Kg4 64. Ne3+ Kg5 65. Nc4 1/2-1/2